Marketing / (Record no. 573)
[ view plain ]
| 000 -LEADER | |
|---|---|
| fixed length control field | 02178cam a2200445 a 4500 |
| 003 - CONTROL NUMBER IDENTIFIER | |
| control field | CaOOAMICUS |
| 005 - DATE AND TIME OF LATEST TRANSACTION | |
| control field | 20210615122241.0 |
| 008 - FIXED-LENGTH DATA ELEMENTS--GENERAL INFORMATION | |
| fixed length control field | 030113t20032004onca b 001 0 eng |
| 020 ## - INTERNATIONAL STANDARD BOOK NUMBER | |
| International Standard Book Number | 0070914389 : |
| 040 ## - CATALOGING SOURCE | |
| Transcribing agency | CaOONL |
| 043 ## - GEOGRAPHIC AREA CODE | |
| Geographic area code | n-cn--- |
| 050 ## - LIBRARY OF CONGRESS CALL NUMBER | |
| Classification number | HF5415 |
| Item number | .S745 2004 |
| 055 01 - CLASSIFICATION NUMBERS ASSIGNED IN CANADA | |
| Classification number | HF5415 |
| 090 ## - LOCALLY ASSIGNED LC-TYPE CALL NUMBER (OCLC); LOCAL CALL NUMBER (RLIN) | |
| Classification number (OCLC) (R) ; Classification number, CALL (RLIN) (NR) | 658.8 SOM |
| 100 1# - MAIN ENTRY--PERSONAL NAME | |
| Personal name | Sommers, Montrose S. |
| 245 10 - TITLE STATEMENT | |
| Title | Marketing / |
| Statement of responsibility, etc. | Montrose Sommers, James G. Barnes. |
| 250 ## - EDITION STATEMENT | |
| Edition statement | Tenth edition |
| 260 ## - PUBLICATION, DISTRIBUTION, ETC. | |
| Place of publication, distribution, etc. | Toronto : |
| Name of publisher, distributor, etc. | McGraw-Hill Ryerson, |
| Date of publication, distribution, etc. | [2003], c2004. |
| 300 ## - PHYSICAL DESCRIPTION | |
| Extent | xxiii, 566 pages : |
| Other physical details | color illustrations ; |
| Dimensions | 29 cm + |
| Accompanying material | accompanying material. |
| 336 ## - CONTENT TYPE | |
| Content type term | text |
| Content type code | txt |
| Source | rdacontent |
| 337 ## - MEDIA TYPE | |
| Media type term | unmediated |
| Media type code | n |
| Source | rdamedia |
| 338 ## - CARRIER TYPE | |
| Carrier type term | volume |
| Carrier type code | nc |
| Source | rdacarrier |
| 500 ## - GENERAL NOTE | |
| General note | Previous ed., 9th Canadian ed., written by Montrose S. Sommers and James G. Barnes under title: Fundamentals of marketing. |
| 504 ## - BIBLIOGRAPHY, ETC. NOTE | |
| Bibliography, etc. note | Includes bibliographical references and index. |
| 650 #0 - SUBJECT ADDED ENTRY--TOPICAL TERM | |
| Topical term or geographic name entry element | Marketing. |
| 700 1# - ADDED ENTRY--PERSONAL NAME | |
| Personal name | Barnes, James G. |
| 700 1# - ADDED ENTRY--PERSONAL NAME | |
| Personal name | Sommers, Montrose S. |
| Title of a work | Fundamentals of marketing. |
| 770 1# - SUPPLEMENT/SPECIAL ISSUE ENTRY | |
| Title | Video to accompany Sommers/Barnes Marketing, 10E. |
| Place, publisher, and date of publication | [Toronto] : McGraw-Hill Ryerson, c2004. |
| Record control number | (CaOONL)20034001727 |
| 770 1# - SUPPLEMENT/SPECIAL ISSUE ENTRY | |
| Main entry heading | Nowell, David. |
| Title | Study guide for use with Marketing, tenth edition. |
| Place, publisher, and date of publication | Toronto : McGraw-Hill Ryerson, [2003], c2004. |
| Record control number | (CaOONL)20030052483 |
| 770 0# - SUPPLEMENT/SPECIAL ISSUE ENTRY | |
| Main entry heading | Dunne, Peter. |
| Title | Instructor's manual to accompany Marketing, tenth edition. |
| Place, publisher, and date of publication | Toronto : McGraw-Hill Ryerson, [2003], c2004. |
| Record control number | (CaOONL)20030073928 |
| 770 0# - SUPPLEMENT/SPECIAL ISSUE ENTRY | |
| Main entry heading | Patterson, Richard. |
| Title | Test bank to accompany Marketing, tenth edition. |
| Place, publisher, and date of publication | Toronto : McGraw-Hill Ryerson, c2004. |
| Record control number | (CaOONL)20030132932 |
| 770 1# - SUPPLEMENT/SPECIAL ISSUE ENTRY | |
| Main entry heading | Barnes, James G. |
| Title | Instructor's resource CD-ROM to accompany Marketing, 10th edition [by] Sommers, Barnes. |
| Place, publisher, and date of publication | [Whitby, Ont.] : McGraw-Hill Ryerson, c2004. |
| Record control number | (CaOONL)20040035905 |
| 906 ## - LOCAL DATA ELEMENT F, LDF (RLIN) | |
| a | BB:0:1 |
| -- | CE:0:1 |
| -- | CL:4:8 |
| -- | CS:1:0 |
| -- | DP:1:0 |
| -- | ES:0:1 |
| -- | HB:0:1 |
| -- | LS:1:0 |
| -- | MAL:0:1 |
| -- | NE:0:1 |
| -- | RD:0:1 |
| -- | RS:3:2 |
| -- | SA:1:0 |
| -- | SL:1:0 |
| -- | SP:0:2 |
| -- | TRL:0:1 |
| -- | WS:0:1 |
| -- | WY:0:1 |
| 942 ## - ADDED ENTRY ELEMENTS (KOHA) | |
| Source of classification or shelving scheme | |
| Koha item type | Book |
| Suppress in OPAC | SO |
| 948 ## - LOCAL PROCESSING INFORMATION (OCLC); SERIES PART DESIGNATOR (RLIN) | |
| Series part designator, SPT (RLIN) | 07/12/2004 |
| b (OCLC) | 23/03/2006 |
| Withdrawn status | Lost status | Source of classification or shelving scheme | Damaged status | Not for loan | Permanent Location | Current Location | Shelving location | Date acquired | Total Checkouts | Full call number | Barcode | Date last seen | Price effective from | Koha item type | Public note |
|---|---|---|---|---|---|---|---|---|---|---|---|---|---|---|---|
| AU LIBRARY | AU LIBRARY | Open Shelf | 15.06.2021 | HF5415 .S745 2004 | 28002817 | 15.06.2021 | 15.06.2021 | Book | SO |